00337nam a2200109 i 4500001000300000245005000003260001900053040000800072041000800080008004100088856009800129bg 0aKinetika i regulirovanie jadernych reaktorov. aMoskva,c1967. cBPK apol s pl f |000 0 pol  uhttp://koha.tu.koszalin.pl/cgi-bin/koha/opac-detail.pl?biblionumber=12777yKatalog online BPK